000 00623nam a22002417a 4500
003 UA-OsUOA
001 231
007 ta
008 20050525b un ||||| |||| 00| 0 ukr d
100 _aАдамов Г. Б.
090 _a821.161
_bА28
942 _cBK
040 _aUA-OsUOA
_brus
_cUA-OsUOA
_dUA-OsUOA
245 _aТайна двух океанов
_bРоман
300 _a460 с.
955 _a3
041 _arus
080 _a821.161
020 _a301-00234-1
260 _aК.
_bВэсэлка
_c1988
650 7 _a82 Література. Літературознавство
_2UDC
999 _c286395
_d286395